000 01049nam a22002657a 4500
999 _c5681
_d5681
003 OSt
005 20251014104913.0
008 251014b ||||| |||| 00| 0 eng d
020 _a9781474927802
_qbook set
040 _cKH8
082 _aFIC SHA
100 _aShakespeare, William,
_eauthor.
245 _aTwelfth Night /
_cWilliam Shakespeare ; retold by Rosie Dickins ; illustrated by Christa Unzner.
260 _aEngland ;
_bUsborne Publishing Ltd ,
_c2009.
300 _a64 pages :
_bcolor illustrations ;
_c20 cm.
490 _aUsborne Young Reading
_vseries two
520 _aIt's Twelfth Night, and time for a comic tale of mismatched lovers and mischief... Duke Orsino loves Olivia, Olivia loves the Duke's servant, and the servant loves the Duke. How will they all live happily ever after?
650 _aEasy reading
_vfiction
650 _aStory book
_vfiction
650 _aYoung readers
700 _aDickins, Rosie,
_eauthor.
700 _aUnzner, Christa,
_eillustrator.
830 _aUsborne Young Reading
942 _2ddc
_cFIC